Statistics for Jose Feliciano Charting Songs (Billboard Hot 100)

Click here to take the quiz!

General Stats

  • This quiz has been taken 3 times
  • The average score is 2 of 11

Answer Stats

AlbumWeeks OnPeakSong% Correct
Feliz Navidad32 Weeks#6Feliz Navidad
100%
Feliciano!12 Weeks#3Light My Fire
67%
Light My Fire: The Very Best of Jose Feliciano5 Weeks#50The Star-Spangled Banner
33%
Light My Fire2 Weeks#96Chico and the Man
0%
And the Sun Will Shine2 Weeks#83Destiny / Susie-Q
0%
Light My Fire: The Very Best of Jose Feliciano5 Weeks#71Hey! Baby
0%
California Dreamin'8 Weeks#25Hi-Heel Sneakers
0%
And the Sun Will Shine3 Weeks#77Hitchcock Railway
0%
Light My Fire: The Very Best of Jose Feliciano4 Weeks#70Marley Purt Drive
0%
Souled1 Week#87My World is Empty Without You
0%
The Definite Best...5 Weeks#76Rain
0%

Score Distribution

Percentile by Number Answered

Percent of People with Each Score

Your Score History

You have not taken this quiz